Surgery at the district hospital Obstetrics, gynaecology, orthopaedics, and traumatology

Enregistré dans:
Détails bibliographiques
Auteur principal: OMS
Format: Livre
Langue:Undetermined
Publié: Geveva OMS 1991
Sujets:
Tags: Ajouter un tag
Pas de tags, Soyez le premier à ajouter un tag!
Thư viện lưu trữ: Trung tâm Học liệu Trường Đại học Cần Thơ
LEADER 00535nam a2200193Ia 4500
001 CTU_30248
008 210402s9999 xx 000 0 und d
082 |a 617 
082 |b S961 
100 |a OMS 
245 0 |a Surgery at the district hospital 
245 0 |b Obstetrics, gynaecology, orthopaedics, and traumatology 
245 0 |c OMS 
260 |a Geveva 
260 |b OMS 
260 |c 1991 
650 |a surgery - methods 
904 |i Nguyễn Quang Điền, 990511 
980 |a Trung tâm Học liệu Trường Đại học Cần Thơ